ბათუმის შოთა რუსთაველის სახელმწიფო უნივერსიტეტის ბიბლიოთეკა

მერქნიანი ჯიშებისა და ზოგიერთ სუბტროპიკულ მცენარეთა ლექსიკონი. (ბიბ.ჩანაწერი № 44363)

000 -LEADER
fixed length control field 01098nam a2200229Ia 4500
001 - CONTROL NUMBER
control field 11125
003 - CONTROL NUMBER IDENTIFIER
control field GE_BSU
008 - FIXED-LENGTH DATA ELEMENTS--GENERAL INFORMATION
fixed length control field 181216s||||||||xx |||||||||||||| ||und||
040 ## - CATALOGING SOURCE
Transcribing agency GE_BSU
080 ## - UNIVERSAL DECIMAL CLASSIFICATION NUMBER
Universal Decimal Classification number 630.17(038)+633/635(213)(083)
100 ## - MAIN ENTRY--PERSONAL NAME
Personal name ბასილაშვილი,ი.ა.
245 ## - TITLE STATEMENT
Title მერქნიანი ჯიშებისა და ზოგიერთ სუბტროპიკულ მცენარეთა ლექსიკონი.
245 ## - TITLE STATEMENT
Statement of responsibility, etc. რედ:ი.ქვაჩახია.
250 ## - EDITION STATEMENT
Edition statement მე-2 გადამუშავებული და შევსებული გამოცემა.
260 ## - PUBLICATION, DISTRIBUTION, ETC.
Place of publication, distribution, etc. თბილისი.
260 ## - PUBLICATION, DISTRIBUTION, ETC.
Name of publisher, distributor, etc. განათლება.
260 ## - PUBLICATION, DISTRIBUTION, ETC.
Date of publication, distribution, etc. 1982.
300 ## - PHYSICAL DESCRIPTION
Extent 142გვ;29სმ.
520 ## - SUMMARY, ETC.
Summary, etc. ქართულ,რუსულ და ლათინურ ენებზე.
653 ## - INDEX TERM--UNCONTROLLED
Uncontrolled term მერქნიანი ჯიშებისა და ზოგიერთ სუბტროპიკულ მცენარეთა ლექსიკონი.
942 ## - ADDED ENTRY ELEMENTS (KOHA)
Koha item type წიგნი
ეგზემპლარები
Withdrawn status Lost status Damaged status Not for loan Date acquired Barcode Date last seen Price effective from Koha item type
        2018-12-17 19314 2018-12-17 2018-12-17 წიგნი
        2018-12-17 19315 2018-12-17 2018-12-17 წიგნი
        2018-12-17 19316 2018-12-17 2018-12-17 წიგნი
        2018-12-17 19317 2018-12-17 2018-12-17 წიგნი
        2018-12-17 19318 2018-12-17 2018-12-17 წიგნი
        2018-12-17 19319 2018-12-17 2018-12-17 წიგნი